Isabel de Borbón (Registro nro. 27841)

Detalles MARC
000 -LEADER
campo de control de longitud fija 00767nam a2200193 i 4500
001 - NÚMERO DE CONTROL
campo de control 27841
003 - IDENTIFICADOR DE NÚMERO DE CONTROL
campo de control ES-MaACL
005 - FECHA Y HORA DE LA ÚLTIMA TRANSACCIÓN
campo de control 20230906153722.0
007 - CAMPO FIJO DE DESCRIPCIÓN FÍSICA--INFORMACIÓN GENERAL
campo de control de longitud fija t|
008 - DATOS DE LONGITUD FIJA--INFORMACIÓN GENERAL
campo de control de longitud fija 030115s1849 sp ||||1| spa d
100 1# - ENTRADA PRINCIPAL--NOMBRE DE PERSONA
Nombre de persona Azcutia, Manuel (
Fechas asociadas al nombre 1815-1889)
9 (RLIN) 24282
245 10 - MENCIÓN DEL TÍTULO
Título Isabel de Borbón
Resto del título : poema épico, escrito y dedicado a S.M. la Reina /
Mención de responsabilidad, etc. Manuel de Azcutia.
260 ## - PUBLICACIÓN, DISTRIBUCIÓN, ETC.
Lugar de publicación, distribución, etc. Madrid :
Nombre del editor, distribuidor, etc. [s.n.],
Fecha de publicación, distribución, etc. 1849 (
Fabricante Imp. de la Publicidad, a cargo de M. Rivadeneyra)
300 ## - DESCRIPCIÓN FÍSICA
Extensión 284 p. ;
Dimensiones 23 cm.
530 ## - NOTA DISPONIBLE DE FORMULARIO FÍSICO ADICIONAL
Nota de formato físico adicional disponible Disponible en formato digital.
600 14 - PUNTO DE ACCESO ADICIONAL DE MATERIA--NOMBRE DE PERSONA
Nombre de persona Isabel
Numeración II
Títulos y otros términos asociados al nombre Reina de España-
Subdivisión de forma Poesías.
9 (RLIN) 164359
852 ## - LOCALIZACIÓN
Ubicación ES-MaACL
Número de control de estantería T-930-F-2
Nota libre .- Donat. Biblioteca de Palacio
856 ## - LOCALIZACIÓN Y ACCESO ELECTRÓNICOS
Identificador Uniforme de Recursos <a href="http://bdh-rd.bne.es/viewer.vm?id=0000051085&page=1 ">http://bdh-rd.bne.es/viewer.vm?id=0000051085&page=1 </a>
Nota pública Biblioteca Digital Hispánica
Existencias
Estatus retirado Estado de pérdida Estado de daño No para préstamo Colección Biblioteca de origen Biblioteca actual Ubicación en estantería Fecha de adquisición Fuente de adquisición Total de préstamos Signatura topográfica completa Código de barras Visto por última vez Precio de reemplazo Tipo de ítem Koha
        Colección de folletos Biblioteca del Ateneo de Madrid Biblioteca del Ateneo de Madrid Depósito folletos 17/01/2008     T-930-F-2 1028747 23/02/2023 23/02/2023 Folleto